| 000 | 01239cam a22003614i 4500 | ||
|---|---|---|---|
| 003 | PE-LiUPU | ||
| 005 | 20250731184108.0 | ||
| 008 | 150616s1972 pe a r 000 0 spa d | ||
| 035 | _a(Sirsi) a354 | ||
| 040 |
_aPE-LiUPU _bspa _cPE-LiUPU _dPE-LiUPU _erda |
||
| 049 | _aPRUA | ||
| 082 | 0 | 4 |
_a869.534 _bD352p _223 |
| 100 |
_aDelgado, Luis Humberto, _d1899-1983. _eautor. _92105 |
||
| 245 | 1 | 0 |
_aPablo de olavide y Mariano Melgar, el monstruo y el héroe : _bcrítica pura y mordaz / _cLuis Humberto Delgado. |
| 264 | 1 |
_a[Lima] : _bLatino América Editores, _c1972. |
|
| 300 |
_a215 páginas : _bilustraciones ; _c18 centímetros. |
||
| 336 |
_atext _2rdacontent |
||
| 337 |
_aunmediated _2rdamedia |
||
| 338 |
_avolume _2rdacarrier |
||
| 504 | _aIncluye referencias bibliográficas. | ||
| 505 | 0 | _aPablo de Olavide -- Mariano Melgar -- Documentos históricos. | |
| 526 | _aP145 | ||
| 526 | _aP127 | ||
| 526 | _aP97 | ||
| 526 | _aP14 | ||
| 526 | _aP07 | ||
| 600 | 0 |
_aOlavide, Pablo de, _d1725-1803 _xEstudio. _92106 |
|
| 600 | 0 |
_aMelgar, Mariano, _d1790-1815. _92107 |
|
| 910 | _ajck | ||
| 942 |
_2ddc _cBK _n0 |
||
| 980 |
_81 _gALBERTO SANCHEZ Responsable de Automatización |
||
| 999 |
_c43359 _d43359 |
||